000 00774nam a2200289Ia 4500
001 9498
003 IT-RoPAU
008 130308s9999 xx 000 0 und d
040 _aIT-RoPAU
040 _cIT-RoPAU
041 _aITALIANO
100 _aMarinetti Filippo Tommaso
100 _gCodice Aut. SPICS: 4152
245 _aPoeta futurista Aldo Palazzeschi (Il)
245 _bPer Conoscere Marinetti e Il Futurismo
250 _a1a ed.
260 _aMILANO
260 _bMondadori
260 _c1973 [1° Ed.:1973 - Ed.Ling.Originale:1913]
300 _a"3 p. (prefazione: no ; testo: 3 [pagine: 209-211])"
650 _aSTORIA DELLE ARTI VISIVE
650 _eCodice materia Spics: 5008
942 _cBK
957 _71
999 _c47202
_d47202
999 _bSI
999 _g1